|
|
|
|
| LEADER |
00000nam a2200000 a 4500 |
| 001 |
vtls008366171 |
| 003 |
SK-MaSNL |
| 005 |
20260301140407.0 |
| 008 |
251124s1937 xo slo |
| 015 |
|
|
|a SKSNBA19191938-001207
|
| 035 |
|
|
|a SK01SNKBSKHR20020058388
|
| 035 |
|
|
|a SKM000060851
|
| 040 |
|
|
|a SNK
|b slo
|c SNK
|e AACR2
|
| 041 |
1 |
|
|a slo
|
| 044 |
|
|
|a xo
|
| 080 |
|
|
|a 336.2
|2 1981
|
| 100 |
1 |
|
|a Bulla, Alojz
|4 aut
|4 com
|9 271724
|
| 245 |
1 |
0 |
|a Daňová knižka a informátor
|b praktická príručka pre každého daňového poplatníka
|c sot. a vyd. Alojz Bulla
|
| 260 |
|
|
|a [S.l.]
|b n. vl.
|c [o. 1937]
|e Martin
|f Nová kníhtlačiareň
|
| 300 |
|
|
|a 30, [1] s.
|c 8°
|
| 505 |
0 |
|
|a Úvod a záver. Vzorové tlačivá ako ukážky
|
| 650 |
0 |
7 |
|a dane
|x príručky
|2 SNK
|9 309160
|
| 655 |
|
7 |
|a príručky
|2 SNKPH
|9 74364
|
| 852 |
|
|
|a Slovenská národná knižnica v Martine
|b 10000
|h MS SD 4141/11
|
| 852 |
|
|
|a Univerzitná knižnica v Bratislave
|b 300000
|h SF 2771
|
| 852 |
|
|
|a Univerzitná knižnica v Bratislave
|b 300000
|h XXF 1491
|
| 958 |
|
|
|a OND
|
| 958 |
|
|
|a RK
|
| 958 |
|
|
|a TL
|
| 999 |
|
|
|c 763514
|d 765444
|
| 952 |
|
|
|a SNK
|b SNK
|y VYP
|7 0
|p 17A0540359
|o snkSD 4141/11 D1
|i snkKSF 703/59
|8 5
|3 rekatalogizácia
|0 0
|1 0
|4 0
|d 2007-03-10
|l 0
|r 2026-02-24 00:11:25
|w 2026-02-24
|